00474nam a2200133Ia 4500082001200000100001400012245007000026260002800096300001800124650006300142650006100205650005300266710002100319 aTR.0135 aRam Kumar 0aStudy of savings and investment in agriculture (Distt. Moradabad) c1981bKanpur University a165p. + C D-5 aSAVING AND INVESTMENT - UTTAR PRADESH - MORADABAD DISTRICT aAGRICULTURAL CREDIT - UTTAR PRADESH - MORADABAD DISTRICT aFARM INCOME - UTTAR PRADESH - MORADABAD DISTRICT aSingh, Ram Iqbal